• 首页
  • 本馆介绍
  • 公告通知
  • 最新文献
  • 馆藏检索
  • 电子资源
  • 读者导购
  • 参考咨询
  • 我的图书馆
  • 登录
  • 详细信息显示
  • 放入我的书架
  • 预约/预借图书
  • 作者相关作品
  • 分类相关作品
  • 丛书相关作品
  • 出版社相关作品

书目信息

  • 表格格式
  • 工作单格式
  • 卡片格式
题名:
机械工程材料
    
 
作者: 王运炎 主编
分册:  
出版信息: 北京   机械工业出版社  1992.05
页数: 281页
开本: 26cm
丛书名:
单 册:
中图分类: TG11
科图分类:
主题词: 金属学 , 物理冶金学
电子资源:
ISBN: 7-111-03095-8
000 00610nam0 2200217 45
001 0405211178
005 20040521111902.4
010    @a7-111-03095-8@dCNY8.90
100    @a20040521d1992 km y0chiy0120 ea
101 0  @achi
105    @a z 000yy
200 1  @a机械工程材料@AJi Xie Gong Cheng Cai Liao@f王运炎主编@FWang Yun Yan Zhu Bian
210    @a北京@c机械工业出版社@d1992.05
215    @a281页@d26cm
300    @a普通高等专科教育机电类规划教材
606 0  @a金属学
606 0  @a物理冶金学
690    @aTG11@v3
701  0 @a王运炎@4主编
801    @aCN@bPftUser@c20040521
905    @f1@b258831@dTG11@e16
    
    机械工程材料/王运炎主编.-北京:机械工业出版社,1992.05
    281页;26cm
    普通高等专科教育机电类规划教材
    
    ISBN 7-111-03095-8:CNY8.90
    
●
相关链接 在E读中查询图书 在五车中查询图书 在当当中查询图书 在豆瓣中查询图书


正题名:机械工程材料     索取号:TG11/16         预约/预借

序号 登录号 条形码 馆藏地/架位号 状态 备注
1 0258831   000136244   第三借阅区/ [索取号:TG11/16] 在馆    
2 0258832   001362581   第二样本阅览室/ [索取号:TG11/16] 在馆    
唐山师范学院图书馆 欢迎您!
大连网信软件有限公司© 版权所有